Katalánsko - ďalšia rana Madridu

Španielsko je uprostred dvojitej recesie. Verejný dlh má v roku 2013 prekročiť 90 percent HDP, má najvyššiu nezamestnanosť v EÚ. Snaha o nezávislosť Katalánska. Hospodárska a politická situácia v Katalánsku.

Salvato in:
Dettagli Bibliografici
Autore principale: Barrera, Gemma Saura
Natura: Capitolo di libro
Lingua:slovacco
Soggetti:
Tags: Aggiungi Tag
Nessun Tag, puoi essere il primo ad aggiungerne!!

MARC

LEADER 00000naa a2200000 4500
001 0161286
005 20231113080556.3
041 0 |a slo 
044 |a SK 
245 1 0 |a Katalánsko - ďalšia rana Madridu  |c Gemma Saura Barrera 
520 |a Španielsko je uprostred dvojitej recesie. Verejný dlh má v roku 2013 prekročiť 90 percent HDP, má najvyššiu nezamestnanosť v EÚ. Snaha o nezávislosť Katalánska. Hospodárska a politická situácia v Katalánsku. 
610 2 0 |a Španielsko 
610 2 0 |a regióny 
610 2 0 |a autonómia 
100 1 |a Barrera, Gemma Saura